000 00572nam a2200181Ia 4500
003 GCL
008 140319s9999 xx 000 0 ara d
040 _aGCL /
_cGCL
082 0 4 _aق
_b332.6
_bو ا
245 1 0 _aالاستثمار فى مصر محور التنمية
260 _aالقاهرة :
_bوزارة الاعلام
300 _a156 ص ؛
_c24 سم
650 0 4 _aالشركات
650 0 4 _aالخصخصة - مصر
650 0 4 _aمصر - التنمية الاقتصادية
650 0 4 _aمصر - الاتفاقيات التجارية
942 _2ddc
_cBK
999 _c33643
_d33643